| 000 | 00785cab a2200289 4500 | ||
|---|---|---|---|
| 001 | ABS55564 | ||
| 008 | 090401t1996 xxu||||| |||| 00| 0 eng d | ||
| 035 | _a(Sirsi) u17339 | ||
| 041 | _aeng | ||
| 100 | _aFrench, J. | ||
| 245 | _aMission impossible | ||
| 260 | _c1996 | ||
| 350 | _a0 | ||
| 490 |
_aBuilding _v261(7952) 2 August 1996, 29(1) |
||
| 520 | _aAsks whether a contractor can avoid liability if the works are impossible to complete. | ||
| 650 | _aBREACH OF CONTRACT | ||
| 650 | _aCOMPLETION | ||
| 650 | _aCONTRACT CLAIMS | ||
| 650 | _aHAVANT BC V SOUTH COAST SHIPPING COMPANY | ||
| 650 | _aINABILITY TO COMPLETE | ||
| 650 | _aTAYLOR V CALDWELL | ||
| 650 | _aWORKING HOURS | ||
| 690 | _aLAW | ||
| 700 | _aRowan, V. | ||
| 942 | _n0 | ||
| 948 | _c04/03/1997 | ||
| 999 |
_c11500 _d11500 |
||